000
00276nam a2200109 a 4500
005
20201002053258.0
008
180411s2015 000 spa d
020
_a
9789945595067
245
0
_a
Ciencias de la naturaleza 3 :.
260
_a
Santo Domigo,
_c
2015.
999
_c
46491
_d
46491
040
_a
DO-SdBNP